MARC

LEADER 00000nam0a2200000 4500
001 91152
005 20231101213744.0
020 |a RU  |b 82-89544 
035 |a (RuTPU)RU\TPU\book\97730 
090 |a 91152 
100 |a 20060221d1982 k a0rusy5003 ca 
101 0 |a rus 
102 |a BY 
105 |a a z 001zy 
200 1 |a Управление в системах с разделением времени  |f В. М. Артемьев, В. А. Ганэ, В. Л. Степанов 
210 |a Минск  |c Вышэйшая школа  |d 1982 
215 |a 223 с.  |c ил.  |d 20 см 
606 |a Вычислительные системы управления с разделением времени  |2 stltpush  |3 (RuTPU)RU\TPU\subj\4446  |9 32718 
610 1 |a математические исследования 
610 1 |a управление 
610 1 |a алгоритмы 
610 1 |a автономное управление 
610 1 |a ЦВМ 
610 1 |a разделение времени 
610 1 |a логико-динамические системы 
610 1 |a кворум-фильтры 
675 |a 681.323.01  |z rus 
700 1 |a Артемьев  |b В. М.  |g Валентин Михайлович  |4 070 
701 1 |a Ганэ  |b В. А.  |g Вадим Арведович 
701 1 |a Степанов  |b В. Л.  |g Валерий Леонидович 
801 0 |a RU  |b RuMRKP  |c 19950704  |g psbo 
801 1 |a RU  |b 63413507  |c 20060221  |g PSBO 
801 2 |a RU  |b 63413507  |c 20180119  |g PSBO 
942 |c BK